[Event "Verbandsliga Suedbaden 2223"]
[Site "Germany"]
[Date "2023.04.02"]
[Round "8.7"]
[White "Deutschmann, Matthias"]
[Black "Gkegkas, Viktor"]
[Result "1-0"]
[WhiteElo "2154"]
[BlackElo "1464"]
[PlyCount "39"]
[EventDate "2022.09.25"]
[EventType "team-tourn"]
[EventRounds "9"]
[EventCountry "GER"]
[SourceTitle "EXT 2024"]
[Source "ChessBase"]
[SourceDate "2023.10.10"]
[SourceVersion "1"]
[SourceVersionDate "2023.10.10"]
[SourceQuality "1"]
[WhiteTeam "Emmendingen"]
[BlackTeam "Heitersheim"]
[WhiteTeamCountry "GER"]
[BlackTeamCountry "GER"]

1. e4 c5 2. Nc3 d6 3. f4 e6 4. Nf3 Nc6 5. d4 cxd4 6. Nxd4 a6 7. Be3 Qc7 8. Qf3 Nge7 9. Nb3 g6 10. g4 Bg7 11. 0-0-0 Bxc3 12. bxc3 b5 13. Qf2 Rb8 14. Qd2 d5 15. Bg2 Na5 16. exd5 exd5 17. Qd4 Nxb3+ 18. axb3 0-0 19. f5 Qa5 20. Bh6 1-0

[Event "Verbandsliga Suedbaden 2223"]
[Site "Germany"]
[Date "2023.03.05"]
[Round "7.7"]
[White "Gkegkas, Viktor"]
[Black "Bojic, Zoran"]
[Result "0-1"]
[WhiteElo "1464"]
[BlackElo "2107"]
[PlyCount "40"]
[EventDate "2022.09.25"]
[EventType "team-tourn"]
[EventRounds "9"]
[EventCountry "GER"]
[SourceTitle "EXT 2024"]
[Source "ChessBase"]
[SourceDate "2023.10.10"]
[SourceVersion "1"]
[SourceVersionDate "2023.10.10"]
[SourceQuality "1"]
[WhiteTeam "Heitersheim"]
[BlackTeam "Dreisamtal"]
[WhiteTeamCountry "GER"]
[BlackTeamCountry "GER"]

1. e4 c5 2. Nf3 a6 3. c4 Nc6 4. d4 cxd4 5. Nxd4 e5 6. Nf3 Nf6 7. Bg5 Qa5+ 8. Bd2 Qb6 9. Qc2 Bc5 10. Bg5 Nxe4 11. Qxe4 Qxb2 12. Bd2 Qxa1 13. Bc3 Qxa2 14. Nxe5 Qxf2+ 15. Kd1 Qe3 16. Qd5 Nxe5 17. Bxe5 0-0 18. Bd3 d6 19. Bc3 Be6 20. Qe4 Qxe4 0-1